| 000 | 01242cam a2200325 a 4500 | ||
|---|---|---|---|
| 999 |
_c330637 _d330637 |
||
| 001 | 4922322 | ||
| 003 | NUST | ||
| 005 | 20170726190751.0 | ||
| 008 | 941013s1994 pk 000 0 urdo | ||
| 010 | _a 94930232 | ||
| 020 |
_a9693503414 : _cRs150.00 |
||
| 025 | _aP-U-029920 | ||
| 040 |
_aDLC _cDLC |
||
| 042 | _alcode | ||
| 043 | _aa-pk--- | ||
| 050 | 0 | 0 |
_aDS392.I55 _bA25 1994 |
| 082 |
_a910.4 _bABI |
||
| 100 | 1 |
_aʻĀbidī, Raz̤ā ʻAlī, _d1936- _93428 |
|
| 245 | 1 | 0 |
_aSher daryā / _cRaz̤ā ʻAlī ʻĀbidī. |
| 260 |
_aLāhore : _bSang-i Mīl Pablīkeshanz, _c2009. |
||
| 300 |
_a344 p. ; _c22 cm. |
||
| 500 | _aTravelogue | ||
| 520 | _aImpressions of the author's travel in 1990-1991 along the river Indus from Ladakh to the Indus delta near Thatta, Sindh, describing the sociocultural conditions of the region; previously narrated from BBC Urdu service, London. | ||
| 546 | _aIn Urdu | ||
| 650 |
_aUrdu Literature _9347 |
||
| 651 | 0 |
_aIndus River Region _xDescription and travel. _93590 |
|
| 651 | 0 |
_aIndus River Region _xCivilization. _93591 |
|
| 651 | 0 |
_aIndus River Region _xSocial conditions. _93592 |
|
| 880 |
_6100-01\(3\r _aرضا علی عابدی |
||
| 880 |
_6245-02\(3\r _aشیر دریا |
||
| 880 |
_6260-03\(3\r _aلاہور: _bسنگ میل پبلی کیشنز، _c2004 |
||
| 906 |
_a7 _bcbc _corigode _d3 _encip _f19 _gy-gencatlg |
||
| 942 |
_2ddc _cBK |
||